Early history of the Southwest through the eyes of German-speaking Jesuit missionaries : a transcultural experience in the eighteenth century /

Bibliographic Details
Main Author: Classen, Albrecht
Format: Book
Language:English
Published: Lanham, Maryland : Lexington Books, ©2013.
Subjects:

MARC

Tag First Indicator Second Indicator Subfields
LEADER 00000cam a2200000 i 4500
001 in00002812813
005 20151202173242.0
008 121016s2013 mdu b 001 0deng
010 |a  2012038367 
020 |a 9780739177846 (cloth : alkaline paper) 
020 |a 0739177842 (cloth : alkaline paper) 
020 |z 9780739177853 (electronic) 
035 |a (OCoLC)ocn809616059 
040 |a DLC  |e rda  |c DLC  |d UtOrBLW 
043 |a n-ust--  |a e-gx---  |a e------ 
049 |a TXAM 
050 0 0 |a F799  |b .C55 2013 
082 0 0 |a 979/.01  |2 23 
100 1 |a Classen, Albrecht. 
245 1 0 |a Early history of the Southwest through the eyes of German-speaking Jesuit missionaries :  |b a transcultural experience in the eighteenth century /  |c Albrecht Classen. 
264 1 |a Lanham, Maryland :  |b Lexington Books,  |c ©2013. 
300 |a xi, 216 pages :  |b illustrations ;  |c 24 cm. 
336 |a text  |b txt  |2 rdacontent 
337 |a unmediated  |b n  |2 rdamedia 
338 |a volume  |b nc  |2 rdacarrier 
504 |a Includes bibliographical references and index. 
505 0 |a German-Speaking Jesuit Missionaries in the Southwest : Global Perspectives of a Local Phenomenon in the Eighteenth Century : An Introduction -- Major German Jesuit Writers and Their Biographies : A Global History from Individualized Perspectives -- Padre Eusebio Kino -- the Pioneer : Discovery, Encounters, and the Establishment of the Kino Missionary Network -- Joseph Stoecklein's Welt-Bott : A Jesuit Missionary's Collection of Global Reports for a German Audience -- An Encyclopedic Approach to the Early History of Sonora : The Pimería Alta as Viewed by Ignaz Pfefferkorn, A German Scientist and Anthropologist Missionary in the New World -- Joseph Och's Travel Reports : An Autobiographical Perspective -- The Personal Perspective : Letters by the Swiss Jesuit Philipp Segesser : A Missionary's Correspondence with His Family. 
651 0 |a Southwest, New  |x History  |y To 1848  |v Sources. 
651 0 |a Southwest, New  |x Foreign public opinion, German  |x History  |y 18th century  |v Sources. 
651 0 |a Southwest, New  |x Foreign public opinion, Swiss  |x History  |y 18th century  |v Sources. 
610 0 |a Jesuits  |z Southwest, New  |x History  |y 18th century  |v Sources. 
610 0 |a Jesuits  |z Europe, German-speaking  |x History  |y 18th century  |v Sources. 
650 0 |a Missionaries  |z Southwest, New  |x History  |y 18th century  |v Sources. 
650 0 |a Indians of North America  |z Southwest, New  |x History  |y 18th century  |v Sources. 
651 0 |a Southwest, New  |x Ethnic relations  |x History  |y 18th century  |v Sources. 
610 0 |a Jesuits  |z Southwest, New  |v Biography. 
650 0 |a Missionaries  |z Southwest, New  |v Biography. 
945 |a PromptCat 
946 |a stk 
947 |a A14835939833 
948 |a cataloged  |b h  |c 2013/2/13  |d c  |e dmitchel  |f 10:00:00 am 
994 |a 92  |b TXA 
999 |a MARS 
999 f f |s 8fc2c48a-60e0-357f-a44e-ff74dd7d0919  |i 99f28430-76f5-3b31-b1dd-bbaec8df40ce  |t 0 
952 f f |p noncirc  |a Texas A&M University  |b J.J. Pickle Campus  |c High Density Repository  |d Remote Storage  |t 0  |e F799 .C55 2013  |h Library of Congress classification  |i unmediated -- volume  |m A14835939833 
998 f f |a F799 .C55 2013  |t 0  |l Remote Storage